| 000 | 00618nam a2200169 i 4500 | ||
|---|---|---|---|
| 001 | 38748 | ||
| 003 | ES-MaACL | ||
| 005 | 20230906155819.0 | ||
| 007 | t| | ||
| 008 | 030226s1958 pr ||||1| spa d | ||
| 245 | 0 | 0 |
_aBúsqueda y plasmación de nuestra personalidad _b: antología crítica del ensayo puertorriqueño desde sus orígenes hasta la Generación del 30 / _cMariana Robles de Cardona. |
| 250 | _a[1ª ed.]. | ||
| 260 |
_aSan Juan de Puerto Rico : _bClub de Prensa, _c1958 ( _fRumbos) |
||
| 300 |
_a415 p. ; _c23 cm. |
||
| 700 | 1 |
_aRobles de Cardona, Mariana. _997945 |
|
| 852 |
_aES-MaACL _jC-27802 _bR.57161 |
||
| 999 |
_c38748 _d38748 |
||